Fr. Conceicao Rodrigues College of Engineering

Production Operations Management (Record no. 31859)

MARC details
000 -LEADER
fixed length control field 00331nam a2200169Ia 4500
082 ## - DEWEY DECIMAL CLASSIFICATION NUMBER
Classification number 658.5
Item number JHA
100 ## - MAIN ENTRY--PERSONAL NAME
Personal name Jhamb/L.C
250 ## - EDITION STATEMENT
Edition statement 18
245 ## - TITLE STATEMENT
Title Production Operations Management
260 ## - PUBLICATION, DISTRIBUTION, ETC.
Name of publisher, distributor, etc. #N/A
Date of publication, distribution, etc. 2017
366 ## - TRADE AVAILABILITY INFORMATION
Publishers's discount category 20
300 ## - PHYSICAL DESCRIPTION
Extent 708
546 ## - LANGUAGE NOTE
Language note ENGLISH
650 ## - SUBJECT ADDED ENTRY--TOPICAL TERM
Topical term or geographic name entry element Management
942 ## - ADDED ENTRY ELEMENTS (KOHA)
Koha item type BOOK
Holdings
Withdrawn status Lost status Damaged status Not for loan Collection Home library Current library Date acquired Source of acquisition Cost, normal purchase price Inventory number Total Checkouts Full call number Barcode Date last seen Cost, replacement price Price effective from Koha item type Date last checked out
        CRC Fr. Agnel's C.Rodrigues College of Engineering AGNEL TECHNICAL COLLEGE LIBRARY 17/03/2023 Allied Publishers 420.00 717 dt 28.01.2019 1 658.5 JHA 25472 10/01/2024 525.00   BOOK 10/01/2024
        CRC Fr. Agnel's C.Rodrigues College of Engineering Fr. Agnel's C.Rodrigues College of Engineering 17/03/2023 Allied Publishers 420.00 717 dt 28.01.2019   658.5 JHA 25470 17/03/2023 525.00   BOOK  
        CRC Fr. Agnel's C.Rodrigues College of Engineering Fr. Agnel's C.Rodrigues College of Engineering 17/03/2023 Allied Publishers 420.00 717 dt 28.01.2019   658.5 JHA 25471 17/03/2023 525.00   BOOK